Taylor Swift- august (All Lyrics) - Statistics

General Stats
  • This quiz has been taken 120 times
    116 since last reset
  • The average score is 347 of 391
Answer Stats
Lyrics % Correct
a
100%
I
100%
of
100%
you
100%
You
100%
August
99%
mine
99%
when
99%
in
97%
it
97%
me,
97%
me
97%
the
97%
was
97%
we
97%
were
97%
can
96%
'Cause
96%
never
96%
"Never
96%
Never
96%
and
94%
And
94%
(And
94%
bottle
93%
for
93%
For
93%
(For
93%
wine
93%
away
91%
like
91%
lost
91%
air,
90%
all
90%
all,
90%
all)
90%
do
90%
see
90%
slipped
90%
But
89%
on
89%
time
89%
your
89%
Your
89%
ever
87%
moment
87%
Salt
87%
back
86%
Back
86%
(Back
86%
have
86%
memory
86%
my
86%
door
84%
hope
84%
To
84%
to
84%
us
84%
"us"
84%
"Are
83%
before"
83%
behind
83%
call
83%
call?
83%
call?)
83%
Cancel
83%
case
83%
just
83%
more
83%
plans
83%
remember
81%
remember?
81%
Remember
81%
(Remember
81%
Whispers
81%
mall
80%
mall"
80%
mall")
80%
"Meet
80%
("Meet
80%
sure?"
80%
anything
79%
lose
79%
lose,
79%
said
79%
you'd
79%
twisted
77%
bedsheets
76%
love
76%
needed
76%
say,
76%
still
76%
So
74%
then
74%
car"
73%
car")
73%
enough
73%
"Get
73%
had
73%
rust
73%
summer
73%
weren't
73%
you're
73%
better
71%
into
71%
livin'
71%
changin'
70%
up
70%
Wanting
70%
write
69%
much
67%
name
67%
sun
67%
beneath
66%
could
66%
live
66%
pulled
66%
thinkin'
66%
at
64%
Wishin'
63%
sipped
61%
canceled
60%
saying
60%
school?
57%
Will
50%
no
44%
No matching quizzes found
Score Distribution
Percent of People with Each Score
Percentile by Number Answered
Your Score History
You have not taken this quiz since the last reset